Statistics for Footballers by Career - West Ham United

Click here to take the quiz!

General Stats

  • This quiz has been taken 49 times
  • The average score is 5 of 10

Answer Stats

Player% Correct
Michail Antonio
82%
Michael Carrick
80%
Manuel Lanzini
73%
Winston Reid
73%
Carlton Cole
50%
Robert Green
48%
James Collins
45%
Bobby Zamora
34%
Luděk Mikloško
25%
Tomáš Řepka
23%

Score Distribution

Percentile by Number Answered

Percent of People with Each Score

Your Score History

You have not taken this quiz